01275nab a22002297a 4500999001500000003000400015005001700019008004100036040000700077100002700084245013600111260007300247300001300320500003700333505026900370505009600639505008200735650002300817700003600840773015600876942001301032 c5609d5609OSt20251222112024.0190429b xxu||||| |||| 00| 0 spa d cPJ 96584aJulián, Rafael10aLa prohibición de salida del país a la luz del nuevo procedimiento adversarial acusatorio / cRafael Julián, Luciano Bianchi. cCiudad Autónoma de Buenos Aires :aThomson Reuters La Ley, b2025. ap. 66-69 aCita: TR LALEY AR/DOC/1111/2025. aSumario: I. Introducción.— II. El caso "S. J. A".— III. Lo resuelto por la Sala V de la Cámara Nacional de apelaciones en lo Criminal y Correccional: nuestra mirada ante el caso, a la luz del nuevo procedimiento adversarial acusatorio.— IV. Conclusiones. aFallo comentado: CNCrim. y Correc., sala V ~ 20/03/2025 ~ S., J. A. s/ Salida del país. tSi te interesa el texto completo, solicitalo a koha@justierradelfuego.gov.ar  09343aDERECHO PENAL 94810aBianchi, Lucianoecoautor0 0265893164tRevista de derecho penal y criminología. Nº 7 - Agosto 2025dCiudad Autónoma de Buenos Aires : Thomson Reuters La Ley, 2017-x00347914 2udccANA